000 00451nam a2200157Ia 4500
008 220216s9999 xx 000 0 und d
100 _aSangeetha Gupta
245 3 _aAn Expert system for wood anatomy research, image display and wood identification
260 _bIndian Forester
_c2002
300 _a917-925
650 _aWood anatomy research
650 _aWood identification
700 _aChauhan L
700 _aKulshreshta S P
942 _cJS
999 _c54131
_d54131